Los incordios en fincas urbanas y rs︢ticas

Detalles Bibliográficos
Autor principal: Zaforteza Soca̕s, Jos ̌Mara̕
Formato: Desconocido
Lenguaje:español
Publicado: Barcelona : Bosch, 2000
Materias:
Acceso en línea:Acceso restringido

MARC

LEADER 00000ny a22000003n 4500
005 20110606142634.0
008 000919s2000 sp s 000 0 spa c
017 |a Z1161-2000 
020 |a 8476985843 
035 |a 1199 
040 |a UMA.DER  |d vLex 
040 |a UMA.RE  |d vLex 
080 |a 347.241(460) 
090 |c 501  |d 501 
100 1 |a Zaforteza Soca̕s, Jos ̌Mara̕ 
245 1 4 |a Los incordios en fincas urbanas y rs︢ticas  |h [Recurso electrn̤ico]  |c Jos ̌Mara̕ Zaforteza Soca̕s 
256 |a Servicio en ln̕ea 
260 |a Barcelona :  |b Bosch,  |c 2000 
300 |a 163 p. ;  |c 21 cm 
504 |a Bibliografa̕: p. 163 
504 |a Índices 
506 1 |a Contenido solo disponible en los productos indicados  |d vLex Global  |d vLex Global (Academic Edition, excluding Law Schools)  |d vLex Global (U.S. Academic Edition, Law Schools)  |d vLex Global (U.S. Academic Edition, excluding Law Schools)  |d vLex Global (Academic Edition, Law Schools) 
650 0 7 |a Hipoteca  |2 Tesauro vLex 
650 0 7 |a Inmobiliario y registral  |2 Tesauro vLex 
650 0 7 |a Lesin̤ del derecho real  |2 Tesauro vLex 
650 0 7 |a Arrendamiento de vivienda  |2 Tesauro vLex 
650 0 7 |a Arrendamiento para uso distinto de vivienda  |2 Tesauro vLex 
650 0 7 |a Control administrativo  |2 Tesauro vLex 
740 0 |a vLex Libros (Servicios en ln̕ea) 
856 4 0 |u http://vlex.com/source/1199  |z Acceso restringido 
942 |c BOOK 
999 0 |a Mortgages  |b Barcelona